000 00346nam a2200133Ia 4500
005 20260328101504.0
008 260328s9999||||xx |||||||||||||| ||und||
100 _aEissen, Koos
245 0 _aSketching :
_b Drawing Techniques for Product Designers /
_cKoos Eissen
260 _bBIS Publishers
300 _a255 p.
650 _aDIBUJO
942 _cBK
999 _c8982
_d8982